Statistics for History Generator Puzzle #3

Click here to take the quiz!

General Stats

  • This quiz has been taken 13,679 times
  • The average score is 11 of 21

Answer Stats

Hint Answer % Correct
What a king sits onThrone
98%
Boston "party" of 1773Tea
96%
Gas once commonly used in
advertising signs
Neon
78%
Name of two of Henry VIII's wivesAnne
72%
Hercules or Achilles, e.g.Hero
71%
Black _______ PartyPanther
63%
One-word Obama campaign sloganHope
62%
Like a lyre, but biggerHarp
60%
Sappho or Walt Whitman, e.g.Poet
59%
Person who makes leatherTanner
55%
Hippocrates created a famous oneOath
53%
______ of the arts; Medici was onePatron
44%
Dynasty and primary ethnic
group of China
Han
44%
Founder of PhiladelphiaPenn
40%
9-letter PlaceParthenon
33%
____ of the Sabine WomenRape
32%
To employ a scytheReap
31%
Peru communists; The Shining ____Path
27%
Native American multi-sport athleteThorpe
21%
Staple crop of the HawaiiansTaro
16%
Involuntary laborer of Latin AmericaPeon
16%

Score Distribution

Percentile by Number Answered

Percent of People with Each Score

Your Score History

You have not taken this quiz